| 000 | 01525nam a2200421 i 4500 | ||
|---|---|---|---|
| 001 | 196199 | ||
| 003 | ES-MaACL | ||
| 005 | 20250510063010.0 | ||
| 008 | 240818s2006 sp | ||| ||spa | ||
| 016 | 7 |
_abimoBNE20061079928 _2SpMaBN |
|
| 017 |
_aM 13885-2002 _bOficina Depósito Legal Madrid |
||
| 020 | _a842831571X | ||
| 035 | _a(OCoLC)433619410 | ||
| 035 | _a(SpMaBN)bimo0002143913 | ||
| 035 | _a991022573789708606 | ||
| 040 |
_aSpMaBN _bspa _cSpMaBN _erdc |
||
| 080 | _a696.6(035) | ||
| 100 | 0 |
_aAuguste, Pierre _923895 _eaut |
|
| 240 | 1 | 0 |
_aDevenez un bon electricien _lEspañol |
| 245 | 1 | 0 |
_aElectricidad / _cPierre Auguste. |
| 250 | _a8ª ed., 3ª reimp. | ||
| 260 |
_aMadrid : _bThomson-Paraninfo, _c[2006]. |
||
| 300 |
_a126 p. : _bil., gráf., planos ; _c22 cm. |
||
| 336 |
_2rdacontent _atexto |
||
| 337 |
_2rdamedia _asin mediación |
||
| 338 |
_2rdacarrier _avolumen |
||
| 490 | 1 | _aBricolaje (Editorial Paraninfo) | |
| 500 | _aÍndice | ||
| 594 | _aTraducción de: Devenez un bon electricien | ||
| 650 | 0 |
_aInstalaciones eléctricas interiores- _vManuales para aficionados _2embne _9238489 |
|
| 830 |
_aBricolaje (Editorial Paraninfo) _9238487 |
||
| 852 |
_aES-MaACL _bR.152549 _cDEPOJ _jN-9274 _hDonación: José Lázaro García _xEncuadernación rústica _9205301 |
||
| 942 |
_cMONOGRAFIA _n0 |
||
| 999 |
_c196199 _d196199 |
||